000 00585nam a22002057a 4500
003 dela salle
005 20140310182932.0
008 130131t xxu||||| |||| 00| 0 eng d
020 _a97897142077004
050 _aPN 4781
_b.T161 2006
082 _aFIL 808.04 .R31 2006
_b.T161 2006
245 _aRetorika : masining na pagpapahayag
_cTanawan, Dolores S.,..[et. al]
260 _aBulacan
_bTrinitas Pub. house
_c2006
300 _axxi, 468 p.
_c23 cm.
_bill.
521 _acollege students
526 _c1210L-1700L
562 _e1
942 _2lcc
_cBK
_kFIL
999 _c17547
_d17547